000 01262cam a2200373 4500
999 _c24165
_d24165
001 vtls012238778
005 20260506085349.0
008 230907s2023 xo g 000 f slo
020 _a9788055188263
_q(viazané)
040 _aSNK
_bslo
_cSNK
_erda
041 1 _aslo
_heng
044 _axo
_cSK
072 7 _a821.111(73)-3
_xAmerická próza
_2konspekt
080 _a821.111(73)-31
_22011
080 _a(0:82-311.4)
_22011
100 1 _aStowe, Harriet Beecher,
_d1811-1896
_4aut
_95491
240 1 0 _aUncle Tom's cabin
_lSlovensky
245 1 0 _aChalúpka strýčka Toma
_cHarriet Beecher Stowe ; preložil Martin Kubuš
264 1 _aBratislava
_bIkar, a.s.
_c2023
300 _a523 strán
_c21 cm
336 _atext
_btxt
_2rdacontent
337 _abez média
_bn
_2rdamedia
338 _azväzok
_bnc
_2rdacarrier
500 _aPreložené z angličtiny
500 _aObsahuje biografické údaje o autorke na záložke prebalu publikácie
655 7 _aamerické romány
_2SNKPH
_92
655 7 _asociálne romány
_2SNKPH
_95492
655 7 _aAmerican novels
_2SNKPHeng
_91670
655 7 _aSocial novels
_2SNKPHeng
_95493
700 1 _aKubuš, Martin,
_d1982-
_4trl
_95494
958 _aLX
958 _aUP